000 00979nam a22002177a 4500
999 _c62303
_d62303
005 20240920152552.0
008 240920s2019 enk||||| |||| 00| 0 eng d
020 _a9781786436702x
041 _aeng
080 _a351.4 K-90
100 _aKuhlmann, Sabine
_923258
245 _aIntroduction to Comparative Public Administration:
_bAdministrative Systems and Reforms in Europe /
_c Sabine Kuhlmann, Hellmut Wollmann.
250 _a Second Edition
264 _aCheltenham :
_bEdward Elgar Publishing,
_c2019.
300 _a431 p.;
_b25 cm.
653 _aშედარებითი საჯარო მმართველობის შესავალი
653 _aადმინისტრაციული სისტემები ევროპაში
653 _aადმინისტრაციული რეფორმები ევროპაში
700 _aWollmann, Hellmut
_eავტორი
_923259
942 _2udc
_cBK